[Event "Tourn. n9056"]
[Site "www.chess-mail.com"]
[Date "2016.11.15"]
[Round "1"]
[White "Joseph1983"]
[Black "Norlavuaram"]
[WhiteElo "2180"]
[BlackElo "2250"]
[Result "1/2-1/2"]
[Round "1"]
1.e4 e5
2.Ng1f3 Nb8c6
3.Bf1b5 a6
4.Bb5a4 Ng8f6
5.O-O Bf8e7
6.Rf1e1 b5
7.Ba4b3 O-O
8.c3 d6
9.h3 Nc6b8
10.d4 Nb8d7
11.Nb1d2 Bc8b7
12.Bb3c2 c5
13.Nd2f1 Qd8c7
14.Bc1g5 Rf8e8
15.Nf1g3 Be7f8
16.Qd1d2 Ra8c8
17.Ra1c1 Qc7b8
18.d5 Qb8a8
19.Ng3f5 Rc8c7
20.Nf3h4 Re8c8
21.Qd2e3 b4
22.c4 Nf6e8
23.Nf5e7 Bf8xe7
24.Bg5xe7 Nd7b6
25.Nh4f5 Rc7d7
26.Qe3g3 f6
27.Nf5h6 { draw }
1/2-1/2

[Event "Tourn. n8971"]
[Site "www.chess-mail.com"]
[Date "2016.11.15"]
[Round "1"]
[White "Ejner"]
[Black "Sachpat"]
[WhiteElo "2460"]
[BlackElo "2450"]
[Result "1/2-1/2"]
[Round "1"]
1.d4 Ng8f6
2.c4 g6
3.Nb1c3 Bf8g7
4.e4 d6
5.Bf1e2 O-O
6.Ng1f3 a5
7.O-O Nb8a6
8.Bc1f4 Qd8e8
9.Qd1d2 Nf6d7
10.Rf1e1 b6
11.Bf4h6 Bc8b7
12.Ra1d1 Bg7xh6
13.Qd2xh6 f6
14.Be2f1 e5
15.g3 Qe8f7
16.Bf1h3 exd4
17.Nf3xd4 Nd7c5
18.Nc3d5 Ra8e8
19.f3 Na6b4
20.Qh6d2 Nb4xa2
21.b3 Na2b4
22.Nd5xb4 axb4
23.Qd2xb4 Bb7c8
24.Bh3xc8 Re8xc8
25.Qb4b5 Rc8a8
26.b4 Nc5e6
27.Nd4xe6 { draw }
1/2-1/2

[Event "Tourn. n9021"]
[Site "www.chess-mail.com"]
[Date "2016.11.15"]
[Round "1"]
[White "Falcoale"]
[Black "Azulmarino"]
[WhiteElo "1700"]
[BlackElo "1620"]
[Result "1-0"]
[Round "1"]
1.e4 e5
2.Ng1f3 Nb8c6
3.d4 d5
4.Nb1c3 dxe4
5.Nc3xe4 Bc8g4
6.Bf1e2 h6
7.O-O Ng8f6
8.dxe5 Nf6xe4
9.h3 Bg4e6
10.Be2d3 Be6f5
11.Rf1e1 Bf8b4
12.c3 Bb4c5
13.Bd3xe4 Bf5xe4
14.Qd1xd8 Ra8xd8
15.Bc1f4 g5
16.Re1xe4 gxf4
17.Re4xf4 Rh8g8
18.Ra1e1 Rd8d5
19.e6 fxe6
20.Re1xe6 Bc5e7
21.Nf3d4 Nc6xd4
22.cxd4 Kd8
23.Rf4e4 Rg8g7
24.f4 b6
25.f5 Kc8
26.Re6xe7 Rg7g3
27.f6 Rd5f5
28.f7 Rg3g7
29.f8Q Rf5xf8
30.Re7xg7 Rf8d8
31.Rg7h7 { resign }
1-0

[Event "Tourn. n9048"]
[Site "www.chess-mail.com"]
[Date "2016.11.15"]
[Round "1"]
[White "Bojan"]
[Black "Attatroll"]
[WhiteElo "1960"]
[BlackElo "1930"]
[Result "1-0"]
[Round "1"]
1.e4 d6
2.d4 Ng8f6
3.Nb1c3 g6
4.h3 Bf8g7
5.f4 O-O
6.Ng1f3 c6
7.Nf3h2 Nb8d7
8.Qd1e2 e5
9.Bc1e3 Rf8e8
10.dxe5 dxe5
11.f5 Nd7f8
12.fxg6 Nf8xg6
13.Ra1d1 Qd8a5
14.a3 Nf6xe4
15.Qe2d3 Bc8f5
16.Be3d2 Ne4xc3
17.Qd3xf5 Ra8d8
18.Bd2xc3 Rd8xd1
19.Kxd1 Qa5d5
20.Kc1 Bg7h6
21.Kb1 Qd5d1
22.Ka2 Qd1d5
23.b3 a5
24.Nh2g4 Bh6g7
25.Bf1c4 Ng6e7
26.Ng4f6 Bg7xf6
27.Qf5xf6 Qd5xg2
28.Bc4xf7 Kf8
29.Bf7e6 
1-0

[Event "Tourn. n9050"]
[Site "www.chess-mail.com"]
[Date "2016.11.15"]
[Round "1"]
[White "Redabond"]
[Black "Mao"]
[WhiteElo "1740"]
[BlackElo "1860"]
[Result "0-1"]
[Round "1"]
1.d4 Ng8f6
2.Bc1f4 e6
3.Nb1c3 Bf8e7
4.Nc3b5 d6
5.e3 Bc8d7
6.Nb5c3 Nb8c6
7.Bf1b5 O-O
8.Ng1f3 a6
9.Bb5xc6 Bd7xc6
10.O-O Rf8e8
11.Rf1e1 Be7f8
12.e4 Nf6h5
13.Bf4g5 Bf8e7
14.Bg5xe7 Qd8xe7
15.d5 Bc6d7
16.Nf3d2 Nh5f4
17.Qd1g4 e5
18.Qg4g3 Qe7f6
19.Nd2c4 h5
20.f3 h4
21.Qg3f2 h3
22.g3 Nf4g2
23.g4 Qf6g5
24.Re1d1 b5
25.Nc4e3 Qg5xe3
26.Qf2xe3 Ng2xe3
27.Rd1d2 Ne3c4
28.Rd2d1 Nc4xb2
29.Rd1e1 c6
30.Ra1b1 Nb2c4
31.Kf2 a5
32.dxc6 Bd7xc6
33.Kg3 b4
34.Nc3e2 Bc6b5
35.Kxh3 Nc4d2
36.Rb1d1 Nd2xf3
{ resign }
0-1

[Event "Tourn. n9038"]
[Site "www.chess-mail.com"]
[Date "2016.11.15"]
[Round "1"]
[White "Jackbauer"]
[Black "Luban"]
[WhiteElo "1920"]
[BlackElo "1920"]
[Result "1-0"]
[Round "1"]
1.e4 c5
2.f4 d5
3.e5 e6
4.Ng1f3 a6
5.a3 Nb8c6
6.c4 d4
7.d3 g6
8.Bf1e2 Bf8g7
9.Nb1d2 f5
10.Nd2b3 b6
11.O-O Bc8b7
12.Nf3g5 Qd8d7
13.h4 h6
14.Ng5f3 Ng8e7
15.Nf3h2 Ra8c8
16.g4 Nc6a7
17.Bc1d2 b5
18.h5 gxh5
19.g5 hxg5
20.Be2xh5 Kd8
21.Bd2a5 Rc8c7
22.Nb3xc5 Qd7c8
23.Ba5xc7 { resign }
1-0

[Event "Tourn. n9025"]
[Site "www.chess-mail.com"]
[Date "2016.11.15"]
[Round "1"]
[White "Cal"]
[Black "Ranjachess"]
[WhiteElo "1720"]
[BlackElo "1760"]
[Result "0-1"]
[Round "1"]
1.Nb1c3 Ng8f6
2.e4 e5
3.a3 d5
4.exd5 Nf6xd5
5.d3 Nd5xc3
6.bxc3 Bf8c5
7.Ng1f3 Bc8g4
8.Bf1e2 Nb8c6
9.h3 Bg4xf3
10.Be2xf3 Qd8f6
11.O-O O-O-O
12.Kh1 Qf6h4
13.Bf3xc6 bxc6
14.Bc1e3 Qh4e7
15.d4 Bc5d6
16.d5 cxd5
17.f3 d4
18.cxd4 Qe7f6
19.c3 exd4
20.Be3xd4 Bd6e5
21.f4 Be5xd4
22.cxd4 Rd8xd4
23.Qd1g4 Kb8
24.Ra1b1 Ka8
25.Qg4f3 c6
26.g3 Rh8d8
27.Rf1c1 a5
28.Qf3xc6 Qf6xc6
29.Rc1xc6 Rd4d1
30.Rb1xd1 Rd8xd1
31.Kg2 Kb7
32.Rc6c3 h6
33.a4 f5
34.g4 Rd1d4
35.Kf3 fxg4
36.hxg4 Rd4xa4
37.f5 Ra4a1
38.Rc3c5 a4
39.Rc5a5 Kb6
40.Ra5e5 a3
41.Re5e3 a2
42.Re3b3 Kc6
43.Rb3c3 Kd6
44.Ke4 Ra1e1
45.Kf4 a1Q
46.Rc3d3 Ke7
47.g5 Qa1e5
48.Kf3 Qe5xf5
{ resign }
0-1

[Event "Tourn. n8945"]
[Site "www.chess-mail.com"]
[Date "2016.11.15"]
[Round "1"]
[White "Tartan"]
[Black "Giampaolo"]
[WhiteElo "2440"]
[BlackElo "2350"]
[Result "0-1"]
[Round "1"]
1.e4 c6
2.d4 g6
3.c4 d6
4.Nb1c3 Bf8g7
5.Bc1e3 Ng8f6
6.f3 Nb8a6
7.Bf1d3 e5
8.d5 cxd5
9.cxd5 O-O
10.Bd3xa6 bxa6
11.Ng1e2 Bc8d7
12.O-O Ra8b8
13.Qd1d2 Rb8b7
14.Ne2c1 Qd8b8
15.Nc1d3 Nf6e8
16.Ra1c1 f5
17.b3 Ne8f6
18.Be3h6 fxe4
19.fxe4 Bg7xh6
20.Qd2xh6 Bd7b5
21.Rf1f3 Bb5xd3
22.Rf3xd3 Nf6g4
23.Qh6h4 Rb7f7
24.Nc3a4 Ng4f2
25.Rd3c3 Rf7f4
26.Qh4e7 Qb8b5
27.Qe7e6 Kh8
28.Rc3f3 Qb5e2
{ resign }
0-1

[Event "Tourn. n9056"]
[Site "www.chess-mail.com"]
[Date "2016.11.15"]
[Round "1"]
[White "Libiesse"]
[Black "Roohbakhsh"]
[WhiteElo "2020"]
[BlackElo "2040"]
[Result "0-1"]
[Round "1"]
1.d4 d5
2.c4 dxc4
3.Ng1f3 Ng8f6
4.Nb1c3 e6
5.e4 Bf8b4
6.Bc1g5 c5
7.Bf1xc4 cxd4
8.Nf3xd4 Bb4xc3
9.bxc3 Qd8a5
10.Nd4b5 Nf6xe4
11.Bg5d2 O-O
12.O-O Rf8d8
13.Ra1c1 Ne4xd2
14.Rf1e1 Nd2xc4
15.Qd1xd8 Qa5xd8
16.Rc1d1 Qd8e7
17.Rd1d4 Nc4b6
18.Re1d1 Nb8c6
19.Rd4d8 Nc6xd8
{ resign }
0-1

[Event "Tourn. n9013"]
[Site "www.chess-mail.com"]
[Date "2016.11.15"]
[Round "1"]
[White "Romaamor69"]
[Black "Goofy"]
[WhiteElo "2420"]
[BlackElo "2340"]
[Result "1-0"]
[Round "1"]
1.d4 e6
2.Bc1f4 f5
3.e3 Ng8f6
4.Ng1f3 g6
5.Bf1c4 Bf8g7
6.O-O d6
7.Nb1c3 O-O
8.Qd1d3 d5
9.Bc4b3 b6
10.Nc3b5 Bc8a6
11.c4 Ba6xb5
12.cxb5 Nf6h5
13.Ra1c1 Nh5xf4
14.exf4 a6
15.Rf1e1 axb5
16.Nf3g5 { resign }
1-0

[Event "Match"]
[Site "www.echecsemail.com"]
[Date "2016.11.15"]
[Round "1"]
[White "Falcoale"]
[Black "Aalekhine"]
[WhiteElo "1610"]
[BlackElo "1499"]
[Result "0-1"]
[Round "1"]
1.e4 e5
2.Ng1f3 Nb8c6
3.d4 exd4
4.Nf3xd4 Bf8c5
5.Nd4xc6 bxc6
6.Bf1d3 Qd8h4
7.O-O Ng8f6
8.Nb1d2 Nf6g4
9.h3 Ng4xf2
10.Rf1xf2 Qh4xf2
11.Kh1 O-O
12.Nd2b3 Bc5d6
13.Qd1f1 Qf2xf1
14.Bd3xf1 Bd6g3
15.Bc1e3 d6
16.Nb3d4 c5
17.Nd4e2 Bg3e5
18.c3 f5
19.Ne2f4 fxe4
20.Nf4d5 c6
21.Nd5e7 Kh8
22.Ne7xc6 Be5f6
23.Bf1c4 Bc8b7
24.Nc6a5 Bb7c8
25.Bc4d5 Ra8b8
26.Ra1b1 Bc8f5
27.Na5c6 Bf6xc3
28.b3 Bc3f6
29.Nc6xb8 Rf8xb8
30.Be3f4 e3
31.Bf4xe3 Bf5xb1
32.a3 Bb1a2
33.Be3f4 Bf6e5
{ resign }
0-1

[Event "Match"]
[Site "www.echecsemail.com"]
[Date "2016.11.15"]
[Round "1"]
[White "Osvalazo"]
[Black "Irene"]
[WhiteElo "1730"]
[BlackElo "2010"]
[Result "0-1"]
[Round "1"]
1.Ng1f3 d5
2.b3 Nb8c6
3.Bc1b2 Ng8f6
4.Bb2xf6 exf6
5.g3 g6
6.d4 Bf8h6
7.Bf1g2 f5
8.O-O Bh6g7
9.c3 O-O
10.e3 b6
11.Qd1d3 a5
12.Qd3b5 Qd8d6
13.c4 Bc8d7
14.c5 bxc5
15.dxc5 Nc6b4
16.cxd6 Bd7xb5
17.Nb1d2 Bg7xa1
18.Rf1xa1 cxd6
19.Nf3d4 Bb5d3
20.a3 Nb4c2
21.Nd4xc2 Bd3xc2
22.Bg2xd5 Ra8b8
23.Ra1a2 Rf8c8
24.Ra2b2 Rb8b5
25.Bd5c4 Rb5c5
26.Rb2xc2 d5
27.Bc4d3 Rc5xc2
28.Bd3xc2 Rc8xc2
29.Nd2f3 Rc2a2
30.b4 a4
31.b5 Ra2xa3
32.Nf3d4 Ra3a1
33.Kg2 Ra1b1
34.Nd4c2 Rb1b2
35.Nc2a3 Rb2b3
36.Na3c2 Rb3c3
37.Nc2b4 a3
38.b6 Rc3b3
39.Nb4c2 a2
40.b7 Rb3xb7
41.Kf3 Rb7b2
42.Nc2a1 Rb2b1
43.Na1c2 Rb1c1
{ resign }
0-1

[Event "Match"]
[Site "www.echecsemail.com"]
[Date "2016.11.15"]
[Round "1"]
[White "Osmundw"]
[Black "Cal"]
[WhiteElo "1430"]
[BlackElo "1610"]
[Result "0-1"]
[Round "1"]
1.e4 e5
2.g4 d6
3.Bf1g2 Nb8c6
4.b3 a6
5.Bc1b2 h6
6.h4 Ng8f6
7.g5 hxg5
8.hxg5 Rh8xh1
9.Bg2xh1 Nf6xe4
10.Bh1xe4 Qd8xg5
11.Ng1f3 Qg5h5
12.Ke2 Nc6d4
13.Ke3 f5
14.Nf3xd4 exd4
15.Bb2xd4 Qh5xd1
16.Be4f3 Qd1e1
17.Bf3e2 f4
18.Kf3 g5
19.Kg2 Qe1xe2
20.d3 f3
21.Kh2 Qe2f1
22.Nb1d2 Qf1g2
{ resign }
0-1

[Event "Match"]
[Site "www.echecsemail.com"]
[Date "2016.11.15"]
[Round "1"]
[White "Azorau"]
[Black "Billyg"]
[WhiteElo "1870"]
[BlackElo "1670"]
[Result "1-0"]
[Round "1"]
1.e4 e5
2.Ng1f3 d6
3.Bf1c4 Qd8e7
4.d4 Bc8g4
5.O-O c6
6.h3 Bg4xf3
7.Qd1xf3 f6
8.Bc4xg8 Rh8xg8
9.d5 cxd5
10.Qf3d3 d4
11.Qd3b5 Nb8c6
12.Qb5c4 Ra8c8
13.Qc4xg8 h6
14.Bc1d2 Kd7
15.Qg8b3 b6
16.Qb3b5 Kd8
17.Nb1a3 Qe7b7
18.Qb5d5 Qb7a6
19.Qd5g8 Kc7
20.b4 Qa6xa3
21.Qg8f7 Nc6e7
22.Qf7c4 Kd7
23.Qc4b3 Qa3xb3
24.axb3 Rc8xc2
25.Ra1xa7 Ke8
26.Ra7a8 Kf7
27.Rf1d1 d5
28.f3 Rc2b2
29.Ra8b8 f5
30.Rb8xb6 dxe4
31.fxe4 fxe4
32.Rd1f1 Kg8
33.Rb6b8 Ne7f5
34.Rf1xf5 Rb2xd2
35.Rb8xf8 Kh7
36.Rf5xe5 e3
37.Kf1 Rd2b2
38.h4 Rb2xb3
39.h5 Rb3d3
40.Re5e8 Rd3d2
41.Rf8h8 { resign }
1-0

[Event "Tourn. n9024"]
[Site "www.chess-mail.com"]
[Date "2016.11.16"]
[Round "1"]
[White "Bigrezi"]
[Black "Bojan"]
[WhiteElo "1870"]
[BlackElo "1940"]
[Result "0-1"]
[Round "1"]
1.e4 e5
2.Ng1f3 d6
3.d4 Nb8d7
4.Bf1c4 exd4
5.Bc1g5 Bf8e7
6.Bg5xe7 Qd8xe7
7.O-O c5
8.Rf1e1 Ng8h6
9.c3 dxc3
10.Nb1xc3 Nd7b6
11.Bc4b3 O-O
12.Bb3c2 a6
13.e5 dxe5
14.Re1xe5 Qe7c7
15.Qd1e2 Bc8e6
16.Re5xe6 fxe6
17.Qe2e4 g6
18.Qe4xe6 Nh6f7
19.Ra1e1 Ra8d8
20.Nf3g5 Rd8e8
21.Qe6b3 Re8xe1
{ resign }
0-1

[Event "Tourn. n8883"]
[Site "www.chess-mail.com"]
[Date "2016.11.16"]
[Round "1"]
[White "Azulmarino"]
[Black "Passaroa25"]
[WhiteElo "1640"]
[BlackElo "1570"]
[Result "0-1"]
[Round "1"]
1.e4 c6
2.c4 d6
3.Nb1c3 Bc8e6
4.Bf1e2 f6
5.Ng1f3 Be6f7
6.d4 Nb8d7
7.Bc1d2 e6
8.Bd2f4 Bf8e7
9.O-O g5
10.Bf4e3 Ng8h6
11.h3 O-O
12.g4 Nd7b6
13.Be2d3 Qd8d7
14.d5 exd5
15.exd5 Bf7g6
16.Bd3f5 Nh6xf5
17.gxf5 Qd7xf5
18.Be3xb6 axb6
19.dxc6 bxc6
20.Nf3d4 Qf5c5
21.Rf1e1 Ra8e8
22.Nd4e6 Qc5xc4
23.Qd1d2 Rf8f7
24.Ra1c1 Qc4d3
25.Qd2xd3 Bg6xd3
26.Ne6d4 Bd3b5
27.Nc3d1 c5
28.Nd4xb5 Rf7f8
29.Nb5c7 Re8c8
30.Re1xe7 h5
31.Nc7e6 Rf8f7
32.Re7xf7 Kxf7
33.Nd1c3 Kxe6
34.Rc1e1 Kf5
35.Nc3d5 Rc8b8
36.Re1e6 Kxe6
37.Nd5c7 Ke5
38.Nc7b5 h4
39.a4 c4
40.Kf1 d5
41.Ke2 d4
42.Kd2 d3
43.f3 Kf4
44.Nb5d4 Kg3
45.f4 Kxf4
46.Nd4e6 Kg3
47.Ne6g7 Kxh3
48.Ng7h5 f5
49.Nh5f6 Rb8b7
50.Nf6h7 Rb7xh7
{ resign }
0-1

[Event "Match"]
[Site "www.echecsemail.com"]
[Date "2016.11.16"]
[Round "1"]
[White "Azulmarino"]
[Black "Sagara1977"]
[WhiteElo "1580"]
[BlackElo "1480"]
[Result "0-1"]
[Round "1"]
1.d4 e6
2.e3 Qd8f6
3.c4 Nb8c6
4.a3 e5
5.b3 exd4
6.Bf1d3 dxe3
7.Ra1a2 exf2
8.Ra2xf2 Qf6d4
9.Qd1f3 Ng8f6
10.Ng1e2 Qd4b6
11.Bd3e4 Nc6e5
12.Qf3f4 d6
13.Bc1b2 Bc8e6
14.Bb2xe5 dxe5
15.Qf4xe5 Qb6xb3
16.O-O Qb3xc4
17.Rf1c1 Qc4xe4
18.Qe5b5 Be6d7
19.Qb5b2 Bf8c5
20.Nb1c3 Bc5xf2
21.Kxf2 Qe4f5
22.Kg1 O-O
23.Qb2xb7 Qf5c5
24.Kf1 Qc5xa3
25.Qb7xc7 Qa3a6
26.Qc7g3 Ra8c8
27.Rc1c2 Bd7b5
28.Rc2a2 Bb5xe2
29.Ke1 Qa6e6
30.Ra2xe2 Qe6g4
31.Qg3f2 Rc8xc3
32.Qf2xa7 Rc3c8
33.h3 Qg4d7
34.Qa7a1 Rc8e8
35.g4 Re8xe2
36.Kxe2 Qd7d5
37.Kf2 Rf8e8
38.Qa1c3 Nf6e4
{ resign }
0-1

[Event "Match"]
[Site "www.echecsemail.com"]
[Date "2016.11.16"]
[Round "1"]
[White "Sonny1000"]
[Black "Caspito"]
[WhiteElo "1340"]
[BlackElo "1860"]
[Result "0-1"]
[Round "1"]
1.e4 e5
2.c3 Ng8f6
3.Bf1c4 c6
4.Qd1f3 d5
5.exd5 cxd5
6.Qf3g3 dxc4
7.Qg3xe5 Qd8e7
8.Qe5xe7 Bf8xe7
9.f3 O-O
10.d4 Rf8e8
11.Bc1f4 Be7a3
12.Bf4e5 Ba3xb2
13.Nb1a3 Bb2xa1
14.Kd2 Bc8e6
15.Na3b5 Nf6d5
16.Nb5d6 Ba1xc3
17.Kc2 Nb8c6
18.Nd6xb7 Be6f5
19.Kd1 Bc3xd4
20.Be5d6 c3
21.Kc1 Re8e1
{ resign }
0-1

[Event "Match"]
[Site "www.echecsemail.com"]
[Date "2016.11.16"]
[Round "1"]
[White "Genius3"]
[Black "Ericleo1980"]
[WhiteElo "1650"]
[BlackElo "2230"]
[Result "1-0"]
[Round "1"]
1.c4 Ng8f6
2.Nb1c3 e6
3.d4 d5
4.cxd5 exd5
5.Bc1g5 c6
6.e3 Bf8d6
7.Bf1d3 O-O
8.Ng1e2 Bc8g4
9.h3 Bg4h5
10.Qd1d2 Nb8d7
11.Ne2f4 Bh5g6
12.Nf4xg6 hxg6
13.O-O Rf8e8
14.Rf1e1 Qd8a5
15.Bg5xf6 Nd7xf6
16.a3 Qa5c7
{ time. }
1-0

[Event "Match"]
[Site "www.echecsemail.com"]
[Date "2016.11.16"]
[Round "1"]
[White "Azorau"]
[Black "Wagner"]
[WhiteElo "1870"]
[BlackElo "1810"]
[Result "1-0"]
[Round "1"]
1.Ng1f3 d6
2.Nb1c3 c6
3.e4 e5
4.Bf1c4 b5
5.Bc4b3 h6
6.d4 f6
7.Bb3xg8 Rh8xg8
8.dxe5 b4
9.Nc3e2 Qd8a5
10.b3 Nb8d7
11.Ne2d4 fxe5
12.Nd4xc6 Qa5c5
13.Qd1d5 Qc5xd5
14.exd5 g5
15.Bc1e3 a6
16.O-O g4
17.Nf3h4 Nd7f6
18.Nc6xb4 a5
19.Nb4d3 Ra8b8
20.c4 Bc8a6
21.Nh4f5 h5
22.Rf1e1 Rb8b7
23.g3 Rb7h7
24.Be3b6 Rg8g5
25.Nf5e3 h4
26.Ne3g2 hxg3
27.fxg3 Ba6c8
28.Bb6xa5 Bf8h6
29.Ba5d2 Rg5h5
30.Bd2b4 e4
31.Bb4xd6 Kd7
32.Nd3c5 Ke8
33.Bd6e5 Rh5xe5
34.a4 Bh6f8
35.b4 Rh7f7
36.a5 Bf8xc5
37.bxc5 Bc8a6
38.Ra1c1 Rf7c7
39.c6 Nf6h5
40.Kf2 Ke7
41.Ng2f4 Rc7c8
42.Nf4g6 Kf6
43.Ng6xe5 Kxe5
44.Ke3 Nh5f6
45.Re1h1 Rc8c7
46.h3 Rc7h7
47.h4 Nf6e8
48.Rh1f1 Ne8c7
49.Rf1f4 Ba6c8
50.Rf4xe4 Kd6
51.Kd4 Rh7h8
52.c5 { resign }
1-0

[Event "Match"]
[Site "www.echecsemail.com"]
[Date "2016.11.16"]
[Round "1"]
[White "Ericleo1980"]
[Black "Tonino1"]
[WhiteElo "2250"]
[BlackElo "2030"]
[Result "0-1"]
[Round "1"]
1.e4 c6
2.d4 d5
3.exd5 cxd5
4.c4 e6
5.Ng1f3 Ng8f6
6.Bc1g5 Bf8e7
7.Nb1c3 O-O
8.Bf1d3 { time. }
0-1

[Event "Match"]
[Site "www.echecsemail.com"]
[Date "2016.11.16"]
[Round "1"]
[White "Fangshuo"]
[Black "Ericleo1980"]
[WhiteElo "2080"]
[BlackElo "2190"]
[Result "0-1"]
[Round "1"]
1.e4 c5
2.Nb1c3 d6
3.Ng1f3 Ng8f6
4.Bf1c4 e6
5.d3 a6
6.Bc1g5 Nb8d7
7.O-O b5
8.Bc4b3 Bc8b7
9.a3 Bf8e7
10.Qd1d2 Qd8c7
11.Rf1e1 O-O
12.Bb3a2 Ra8c8
13.Nc3e2 d5
14.Ne2g3 dxe4
15.dxe4 Rf8e8
16.Ra1d1 Rc8d8
17.Qd2e2 h6
18.Bg5d2 Nd7f8
19.e5 Nf6d7
20.Bd2c3 Nf8g6
21.Ng3h5 Nd7b6
22.b3 Rd8d7
23.Bc3b2 Re8d8
24.Rd1xd7 Qc7xd7
25.c4 Qd7d3
{ resign }
0-1

[Event "Tourn. n8984"]
[Site "www.chess-mail.com"]
[Date "2016.11.17"]
[Round "1"]
[White "Crull"]
[Black "Roque1"]
[WhiteElo "1740"]
[BlackElo "1710"]
[Result "0-1"]
[Round "1"]
1.d4 e6
2.e4 d5
3.Nb1c3 Bf8b4
4.Bc1d2 Ng8e7
5.Bf1d3 dxe4
6.Nc3xe4 Bb4xd2
7.Qd1xd2 Qd8xd4
8.Ne4c3 Ne7d5
9.Ng1e2 Qd4b6
10.Nc3a4 Qb6d6
11.O-O Nb8d7
12.Bd3b5 c6
13.Bb5d3 Nd7e5
14.Rf1e1 O-O
15.Ne2f4 Ne5xd3
16.Nf4xd3 b5
17.Na4c5 f6
18.c3 e5
19.Nc5e4 Qd6e7
20.Nd3c5 Bc8f5
21.b4 a5
22.Qd2d3 axb4
23.cxb4 Nd5xb4
24.Qd3b1 Nb4d5
25.h3 Nd5f4
26.f3 Qe7a7
27.Qb1b4 Rf8d8
28.Re1e3 Rd8d4
29.Qb4b3 Kf8
30.Ra1c1 Bf5xe4
31.Re3xe4 Rd4xe4
32.fxe4 Nf4e2
33.Kh2 Ne2xc1
{ resign }
0-1

[Event "Tourn. n8955"]
[Site "www.chess-mail.com"]
[Date "2016.11.17"]
[Round "1"]
[White "Picifarkinca"]
[Black "Wwgia"]
[WhiteElo "2060"]
[BlackElo "2110"]
[Result "0-1"]
[Round "1"]
1.d4 Ng8f6
2.Ng1f3 g6
3.c4 Bf8g7
4.Nb1c3 d5
5.e3 O-O
6.b3 c5
7.Bc1b2 cxd4
8.exd4 Nb8c6
9.Bf1e2 b6
10.O-O Bc8b7
11.Qd1d2 Ra8c8
12.Ra1d1 e6
13.Nf3e5 dxc4
14.bxc4 Qd8e7
15.Qd2c1 Rf8d8
16.Bb2a3 Qe7e8
17.Be2f3 Bb7a8
18.Ne5xc6 Ba8xc6
19.Bf3xc6 Rc8xc6
20.Nc3b5 a6
21.Nb5d6 Rc6xd6
22.Ba3xd6 Rd8xd6
23.Qc1a3 Qe8d8
24.Qa3xa6 Nf6h5
25.d5 exd5
26.cxd5 Bg7f6
27.Rd1c1 Kg7
28.Rf1d1 Nh5f4
29.Rc1c8 Qd8d7
30.Qa6a8 Rd6xd5
31.Rd1f1 Nf4e2
32.Kh1 Qd7d6
33.Rc8g8 Kh6
34.Qa8f8 Qd6xf8
35.Rg8xf8 Kg7
36.Rf8a8 Rd5a5
37.Ra8b8 Bf6d4
38.Rb8e8 Ra5xa2
{ resign }
0-1

[Event "Tourn. n8970"]
[Site "www.chess-mail.com"]
[Date "2016.11.17"]
[Round "1"]
[White "Julian"]
[Black "Cirovicz"]
[WhiteElo "2010"]
[BlackElo "1990"]
[Result "0-1"]
[Round "1"]
1.e4 c5
2.Ng1f3 e6
3.d4 cxd4
4.Nf3xd4 Nb8c6
5.c3 Nc6xd4
6.cxd4 Bf8b4
7.Nb1c3 Ng8f6
8.Bf1d3 O-O
9.O-O d5
10.e5 Bb4xc3
11.exf6 Bc3xd4
12.fxg7 Bd4xg7
13.Qd1h5 f5
14.Bc1g5 Bg7f6
15.Bg5h6 Rf8f7
16.Rf1e1 Bf6g7
17.Re1e3 Bg7xh6
18.Qh5xh6 Qd8f6
19.Qh6h3 Bc8d7
20.Re3g3 Rf7g7
21.Ra1e1 Ra8f8
22.Rg3xg7 Qf6xg7
23.Re1e3 Rf8f6
24.Bd3e2 Rf6g6
25.Be2h5 Qg7xb2
26.Re3e1 Qb2d2
27.Re1d1 Qd2c2
28.Rd1e1 Qc2d2
29.Re1b1 Qd2xa2
30.Rb1f1 Rg6g7
31.Qh3h4 Qa2a5
32.Qh4f6 Qa5c5
33.g3 Qc5f8
34.Qf6xf8 Kxf8
35.Rf1a1 a6
36.f4 Ke7
37.Kf2 Bd7b5
38.Bh5e2 Bb5xe2
39.Kxe2 Kd6
40.Kd3 Rg7c7
41.Ra1b1 b5
42.Rb1a1 Rc7c6
43.h3 h5
44.Ra1g1 a5
45.g4 hxg4
46.hxg4 fxg4
47.Rg1xg4 Rc6c4
48.Rg4h4 a4
49.Rh4g4 Kc5
50.Rg4g6 Rc4xf4
51.Rg6xe6 a3
52.Re6a6 Rf4a4
53.Ra6xa4 bxa4
54.Kc3 d4
{ resign }
0-1

[Event "Tourn. n8984"]
[Site "www.chess-mail.com"]
[Date "2016.11.17"]
[Round "1"]
[White "Falcoale"]
[Black "Cal"]
[WhiteElo "1600"]
[BlackElo "1670"]
[Result "1-0"]
[Round "1"]
1.e4 e5
2.Ng1f3 d6
3.Nb1c3 a6
4.d4 exd4
5.Nf3xd4 h6
6.Bf1d3 Ng8f6
7.O-O c5
8.Nd4f3 Bf8e7
9.Rf1e1 b5
10.h3 b4
11.Nc3d5 Nf6xd5
12.exd5 Bc8b7
13.Nf3h4 Nb8d7
14.Nh4f5 O-O
15.Nf5xe7 Kh8
16.Ne7f5 Qd8f6
17.Nf5e3 Nd7e5
18.Ne3g4 Ne5xg4
19.hxg4 Bb7xd5
20.Bd3xa6 Ra8xa6
21.Bc1e3 Bd5e4
22.Be3xc5 dxc5
23.Re1xe4 Qf6xb2
24.Ra1c1 Ra6xa2
25.Re4e1 Qb2f6
26.Qd1d5 Rf8d8
27.Qd5xa2 Rd8d2
28.Qa2a8 Kh7
29.Qa8e4 g6
30.Re1e2 Rd2d4
31.Qe4e7 Qf6f4
32.Rc1e1 g5
33.Re2e4 Rd4xe4
34.Re1xe4 Qf4c1
35.Kh2 Kg7
36.Qe7xc5 b3
37.Qc5c3 Kg6
38.Qc3xb3 Qc1d2
39.Qb3d3 Qd2xd3
40.cxd3 h5
41.gxh5 Kxh5
42.d4 f5
43.Re4e8 g4
44.d5 { resign }
1-0

[Event "Tourn. n8966"]
[Site "www.chess-mail.com"]
[Date "2016.11.17"]
[Round "1"]
[White "Kampungboy"]
[Black "Szustan"]
[WhiteElo "2460"]
[BlackElo "2620"]
[Result "1/2-1/2"]
[Round "1"]
1.d4 d5
2.Nb1c3 Ng8f6
3.Bc1g5 e6
4.Qd1d3 Bf8e7
5.f3 O-O
6.e4 c5
7.dxc5 d4
8.Nc3b5 e5
9.Qd3a3 Nb8d7
10.b4 a5
11.Nb5d6 b6
12.Bf1c4 Be7xd6
13.cxd6 Bc8a6
14.b5 Ba6b7
15.Ng1e2 h6
16.Bg5h4 Ra8c8
17.Bc4d3 Nd7c5
18.d7 Rc8c7
19.Ra1d1 Qd8xd7
20.Bh4xf6 gxf6
21.O-O Rf8d8
22.Ne2g3 Kh7
23.Ng3f5 Qd7e8
24.f4 Bb7c8
25.fxe5 fxe5
26.Rf1f3 Nc5xd3
27.Qa3xd3 Qe8f8
28.Qd3f1 Rc7xc2
29.Nf5e3 dxe3
30.Rf3xf7 Kg8
31.Rf7xf8 Rd8xf8
32.Qf1d3 Rf8f2
33.Kh1 Kh7
34.Qd3xe3 Rf2xg2
{ draw }
1/2-1/2

[Event "Tourn. n8955"]
[Site "www.chess-mail.com"]
[Date "2016.11.17"]
[Round "1"]
[White "Wwgia"]
[Black "Julian"]
[WhiteElo "2110"]
[BlackElo "2020"]
[Result "1-0"]
[Round "1"]
1.d4 d5
2.c4 e6
3.Nb1c3 Ng8f6
4.Ng1f3 c6
5.Bc1g5 Bf8e7
6.e3 O-O
7.Qd1c2 Nb8d7
8.Bf1d3 dxc4
9.Bd3xc4 b5
10.Bc4b3 b4
11.Nc3e2 c5
12.O-O cxd4
13.Ne2xd4 Bc8b7
14.Rf1d1 Ra8c8
15.Qc2e2 Nd7c5
16.Nd4xe6 Qd8xd1
17.Ra1xd1 fxe6
18.Nf3d4 Rf8e8
19.Nd4xe6 Kh8
20.Ne6xc5 Rc8xc5
21.Bg5xf6 Be7xf6
22.h3 Rc5g5
23.g3 Rg5c5
24.Qe2d2 a5
25.Qd2d7 Bb7c6
26.Qd7d6 Bf6e7
27.Qd6e6 h6
28.Qe6g6 Be7f6
29.Bb3c2 Rc5xc2
30.Qg6xc2 Bc6f3
31.Rd1e1 Bf3e4
32.Qc2c5 Be4g6
33.e4 Bf6xb2
34.Qc5xa5 Bb2c3
35.Re1e3 Re8xe4
36.Qa5a8 { resign }
1-0

[Event "Tourn. n8893"]
[Site "www.chess-mail.com"]
[Date "2016.11.17"]
[Round "1"]
[White "Faerieking"]
[Black "Ejner"]
[WhiteElo "2230"]
[BlackElo "2460"]
[Result "1/2-1/2"]
[Round "1"]
1.e4 c5
2.Ng1f3 Nb8c6
3.d4 cxd4
4.Nf3xd4 g6
5.Nb1c3 Bf8g7
6.Bc1e3 Ng8f6
7.Nd4xc6 bxc6
8.e5 Nf6d5
9.Nc3xd5 cxd5
10.Qd1xd5 Ra8b8
11.Bf1c4 O-O
12.O-O Qd8c7
13.f4 d6
14.exd6 exd6
15.Bc4b3 Rf8e8
16.Ra1e1 Bg7xb2
17.Be3d2 Bc8b7
18.Qd5g5 Qc7b6
19.Kh1 Re8xe1
20.Rf1xe1 Qb6f2
21.Bd2a5 Bb2f6
22.Qg5g3 Qf2c5
23.Ba5d2 a5
24.a4 Kg7
25.h3 Rb8c8
26.Kh2 Bb7a6
27.Qg3e3 d5
28.Qe3xc5 Rc8xc5
29.Re1e8 Ba6c4
30.Re8a8 Bc4xb3
31.cxb3 Bf6c3
32.Bd2xc3 Rc5xc3
33.Ra8xa5 Rc3xb3
{ draw }
1/2-1/2

[Event "Tourn. n9016"]
[Site "www.chess-mail.com"]
[Date "2016.11.17"]
[Round "1"]
[White "Picifarkinca"]
[Black "Gilliere"]
[WhiteElo "1950"]
[BlackElo "2040"]
[Result "1-0"]
[Round "1"]
1.Ng1f3 Ng8f6
2.g3 c6
3.Bf1g2 e6
4.b3 d5
5.Bc1b2 Bf8e7
6.d3 Nb8d7
7.O-O O-O
8.Nb1d2 h6
9.e4 dxe4
10.Nd2xe4 Nd7b6
11.Rf1e1 Nf6xe4
12.dxe4 Qd8xd1
13.Ra1xd1 f6
14.a4 e5
15.a5 Nb6d7
16.Bg2f1 Be7b4
17.Bf1c4 Kh8
18.Re1f1 Bb4xa5
19.Bb2a3 c5
20.Bc4e6 Rf8d8
21.c4 b6
22.Nf3h4 a6
23.Nh4g6 Kh7
24.Ng6e7 Bc8b7
25.Rd1xd7 Bb7xe4
26.Rf1d1 Rd8xd7
27.Rd1xd7 Ra8e8
28.Be6g8 Re8xg8
29.Ne7xg8 Kxg8
30.Rd7a7 Be4c2
31.Ra7xa6 Bc2xb3
32.Ba3xc5 Bb3xc4
33.Ra6a8 Kh7
34.Bc5a3 e4
35.Ra8c8 b5
36.Kg2 Ba5c3
37.Rc8b8 f5
38.Ba3c1 b4
39.f3 exf3
40.Kxf3 Bc4f7
41.Ke2 Bf7g6
42.Bc1f4 Bg6h5
43.Kd3 Bh5f7
44.Kc2 Bc3e1
45.Bf4e3 b3
46.Kb2 Be1a5
47.Be3d4 Ba5d2
48.Rb8b7 Bf7d5
49.Rb7xg7 { resign }
1-0

[Event "Tourn. n9021"]
[Site "www.chess-mail.com"]
[Date "2016.11.17"]
[Round "1"]
[White "Azulmarino"]
[Black "Nulladies"]
[WhiteElo "1620"]
[BlackElo "1820"]
[Result "0-1"]
[Round "1"]
1.e4 c5
2.c4 g6
3.d4 cxd4
4.Qd1xd4 Ng8f6
5.Bc1g5 Nb8c6
6.Qd4d3 Nc6e5
7.Qd3e3 Nf6g4
8.Qe3f4 Qd8c7
9.Bf1e2 h6
10.Be2xg4 hxg5
11.Qf4xg5 Ne5xg4
12.Qg5xg4 d6
13.Qg4e2 Bc8e6
14.b3 Bf8g7
15.e5 Bg7xe5
16.Ng1f3 Be5xa1
17.O-O O-O-O
18.Nb1a3 Ba1f6
19.Na3c2 d5
20.h3 dxc4
21.Qe2e3 cxb3
22.Rf1c1 b2
23.Rc1b1 Be6xa2
24.Rb1e1 b1Q
25.Re1xb1 Ba2xb1
26.Nc2b4 Rd8d1
27.Nf3e1 Bf6d4
28.Qe3e2 Qc7c1
29.Kh2 Rd1xe1
30.Qe2xe7 Re1xe7
{ resign }
0-1

[Event "Match"]
[Site "www.echecsemail.com"]
[Date "2016.11.17"]
[Round "1"]
[White "Acucar1"]
[Black "Billyg"]
[WhiteElo "1930"]
[BlackElo "1740"]
[Result "1-0"]
[Round "1"]
1.e4 e5
2.Ng1f3 f6
3.d4 exd4
4.Nf3xd4 c5
5.Nd4f5 d5
6.Bf1b5 Bc8d7
7.Qd1xd5 g6
8.Qd5e6 Bf8e7
9.Nf5d6 Kf8
10.Qe6f7 { resign }
1-0